Personnages Marvel - Statistiques

Statistiques générales
  • Ce quiz a été pris 298 fois
    222 depuis la dernière actualisation
  • Le résultat moyen est 58 sur 173
Statistiques - réponses
Réponse % Correct
Iron Man (Tony Stark)
99%
Thor
99%
Captain America (Steve Rogers)
98%
Hulk (Bruce Banner)
96%
Black Widow (Natasha Romanoff)
93%
Thaddeus “Thunderbolt” Ross (Red Hulk)
93%
Thanos
90%
Loki
89%
Spider-Man (Peter Parker)
88%
Hawkeye (Clint Barton)
85%
Nick Fury
83%
Scarlet Witch (Wanda Maximoff)
81%
Black Panther (T'Challa)
79%
Gamora
79%
Star Lord (Peter Quill)
79%
Groot
78%
Rocket
78%
Docteur Strange (Stephen Strange)
77%
Falcon (Sam Wilson)
77%
Vision
77%
Bucky (James Barnes)
75%
Ant-Man (Scott Lang)
74%
Drax le Destructeur
74%
Odin
72%
Ultron
72%
Captain Marvel (Carol Danvers)
69%
La Guêpe (Hope Van Dyne)
68%
QuikSilver (Pietro Maximoff)
67%
MJ
63%
Pepper Potts
63%
Nebula
62%
Shuri
60%
War Machine (James Rhodes)
59%
Crâne Rouge (Johann Schmidt)
57%
Mantis
56%
Maria Hill
56%
Ned Leeds
55%
Yelena Belova
55%
May Parker
54%
Margaret "Peggy" Carter
51%
Harold "Happy" Hogan
48%
Hela
48%
Phil Coulson
48%
Bouffon Vert (Norman Osborn)
46%
Howard Stark
44%
Mysterio (Quentin Beck)
44%
Electro (Max Dillon)
43%
Killmonger (Erik Killmonger)
43%
Sharon Carter
42%
Valkyrie
42%
Wong
42%
Morgan Stark
41%
Ego
40%
Shang-Chi
40%
Alexei Shostakov
38%
Jane Foster
38%
Ronan l'Accusateur
38%
Docteur Octopus (Otto Octavius)
37%
Hank Pym
37%
L'Homme Sable (Flint Marko)
37%
Everett K. Ross
36%
Miss Marvel (Kamala Khan)
36%
Vautour (Adrian Toomes)
36%
Fantôme
34%
Kang le Conquérant
34%
Okoye
34%
Helmut Zemo
33%
Betty Ross
32%
Maria Stark
32%
Iron Monger (Obadiah Stane)
30%
L'Ancien
30%
Janet Van Dyne
29%
Le Mandarin (Trevor Slattery)
28%
Heimdall
27%
Kate Bishop
27%
Arnim Zola
26%
Cassie Lang
26%
Dormammu
26%
Lézard (Curt Connors)
26%
Taskmaster (Antonia Dreykov)
26%
Yellow Jacket (Darren Cross)
26%
Frigga
25%
Lady Sif
25%
Laura Barton
25%
M'Baku
25%
Namor
25%
Jarvis
24%
Malekith
24%
T'Chaka
24%
L'Abomination (Emil Blonsky)
23%
Lila Barton
23%
Monica Rambeau
23%
Adam Warlock
22%
Baron Mordo
22%
Nathaniel Barton
22%
Helen Cho
21%
Mordo
21%
Whiplash (Ivan Vanko)
21%
Ying Li
20%
Cooper Barton
19%
Gorr le Boucher des Dieux
19%
Korg
19%
Aldrich Killian
18%
Bill Foster
18%
Ikaris
18%
Meredith Quill
18%
Justin Hammer
17%
Kro
17%
Christine Palmer
16%
Erik Selvig
16%
Surtur
16%
Crossbones (Brock Rumlow)
15%
Darcy Lewis
15%
Kaecilius
15%
Roi Laufey
15%
America Chavez
14%
Thena
14%
Ebony Maw
13%
Iron Heart (Riri Williams)
13%
Mr. Fantastique
13%
Charles Xavier
12%
Proxima Midnight
12%
Ramonda
12%
Sprite
12%
Dreykov
11%
Druig
11%
Gilgamesh
11%
Makkari
11%
Ajak
10%
Corvus Glaive
10%
Nakia
10%
Melina Vostkoff
9%
Ulysse Klaue
9%
Arishem
8%
Baron Strucker
8%
Circé
8%
Kingo
8%
Maria Rambeau
8%
Cull Obsidian
7%
Harley Keener
7%
Kraglin
7%
Luis
7%
Phastos
7%
Skurge
7%
Talos
7%
Volstagg
7%
Intelligence Suprême
6%
Abraham Erskin
5%
Eitri
5%
Fenris
5%
Flèche Noire
5%
Jasper Sitwell
5%
Love
5%
Xu Wenwu
5%
Yondu Udonta
5%
Chitauri
4%
Dane Whitman
4%
Yon-Rogg
4%
Ayesha
3%
Dar-Benn
3%
Ho Yinsen
3%
Korath
3%
Dave
2%
Eric Savin
2%
Lylla
2%
Sonny Burch
2%
Antoinette
1%
Kurt
1%
Xu Xialing
1%
Aucun quiz correspondant
Distribution des résultats
% des personnes avec chaque résultat
Percentile par nombre de réponses
Votre historique - résultats
Vous n’avez pas pris ce quiz depuis la dernière actualisation